000 00319nam a2200121Ia 4500
008 220217s9999||||xx |||||||||||||| ||und||
082 _a894.814 1 RAM
100 _aRama, Swamy
245 0 _aHimalayada mahathmara sannidhiyalli
260 _aKamadhenu
_bBangalore
_c2000
300 _b200
650 _aGENERAL BOOKS
999 _c172408
_d172408